Loading...
| Fine Arts - Classical Music | 6 | 18.33 | 3,550% | 400% | 483% |
| Fine Arts - Other | 5 | 14.00 | 4,520% | 160% | 480% |
| Fine Arts - Painting & Sculpture | 8 | 11.25 | 1,463% | 300% | 425% |
| History - American | 6 | 16.67 | 3,583% | 283% | 533% |
| History - European | 8 | 20.00 | 6,100% | 513% | 425% |
| History - Other | 6 | 18.33 | 2,767% | 500% | 583% |
| History - World | 7 | 17.14 | 6,000% | 300% | 343% |
| Literature - American | 9 | 14.44 | 3,456% | 267% | 444% |
| Literature - British | 7 | 14.29 | 3,229% | 343% | 357% |
| Literature - European | 8 | 20.00 | 7,063% | 413% | 413% |
| Literature - World | 5 | 18.00 | 4,900% | 460% | 280% |
| Mythology | 8 | 16.25 | 4,238% | 300% | 488% |
| Other | 10 | 17.00 | 3,560% | 570% | 400% |
| Philosophy | 5 | 18.00 | 6,860% | 0% | 640% |
| Religion | 9 | 15.56 | 1,800% | 622% | 467% |
| Science - Biology | 8 | 13.75 | 3,225% | 288% | 438% |
| Science - Chemistry | 7 | 21.43 | 6,000% | 586% | 471% |
| Science - Other | 10 | 16.00 | 2,600% | 470% | 500% |
| Science - Physics | 5 | 18.00 | 2,340% | 660% | 460% |
| Social Science | 11 | 18.18 | 4,746% | 518% | 364% |